|
|
|
|
| LEADER |
00000cab a2200000 a 4500 |
| 001 |
036694 |
| 003 |
UAHC_CL |
| 005 |
20180604134342.0 |
| 008 |
041203s1995 cl 000 spa |
| 952 |
|
|
|0 0
|1 0
|4 0
|6 PERS___SOC_02_89_000000000000000
|7 0
|8 General
|9 69662
|a BC
|b BC
|c General
|d 2017-08-03
|l 0
|o PERS. SOC.-02/89
|p FICTICIO5128
|r 2019-01-08 00:00:00
|t 1
|w 2017-08-03
|y REVA
|
| 999 |
|
|
|c 36694
|d 36694
|
| 040 |
|
|
|a UAHC_CL
|c UAHC_CL
|d UAHC_CL
|
| 100 |
1 |
|
|a Edwards, Aníbal
|
| 245 |
1 |
0 |
|a ¿Estamos en la era moderna o post-moderna? :
|b Un balance del trabajo en el Seminario permanente de Ilades 1989 /
|c Aníbal Edwards.
|
| 300 |
|
|
|a p.63-95
|
| 500 |
|
|
|a En: Persona y sociedad, 1989, vol.3, nû2, p.63-95. ISSN 0716-730X.
|
| 773 |
0 |
|
|t Persona y sociedad : revista de ILADES.
|w 036604
|
| 900 |
|
|
|a PERS. SOC.-02/89
|
| 942 |
|
|
|c REVA
|2 ddc
|